Bilecik Bilecik Bilecik Bilecik Bilecik

Osmanlı Türkçesinde yeni Farsça alıntılar sözlüğü = (Record no. 16520)

MARC details
000 -BAŞLIK
Sabit Uzunluktaki Kontrol Alanı 01152nam a22003257a 4500
001 - KONTROL NUMARASI
Control Dosyası 0016559
003 - KONTROL NUMARASI KİMLİĞİ
Kontrol Alanı KOHA_MİRAKIL
005 - EN SON İŞLEM TARİHİ ve ZAMANI
Kontrol Alanı 20260207002108.0
007 - FİZİKSEL TANIM SABİT ALAN - GENEL BİLGİ
Sabit uzunluklu kontrol alanı ta
008 - SABİT UZUNLUKTAKİ VERİ ÖGELERİ - GENEL BİLGİ
Sabit Alan 100419b1998 tu |||gr||||#||||1|tur |
020 ## - ISBN - ULUSLARARASI STANDART KİTAP NUMARASI
Isbn 9757172235
040 ## - KATALOGLAMA KAYNAĞI
Özgün Kataloglama Kurumu TR-BiSEU
Kataloglama Dili tur
Çeviri Kurumu TR-BiSEU
Açıklama Kuralları rda
041 0# - DİL KODU
Metin ya da ses kaydının dil kodu tur
044 ## - YAYINLAYAN/ÜRETEN KURULUŞUN ÜLKE KODU
ISO country code tu
050 ## - SINIFLAMA ve YER NUMARASI
Sınıflama Numarası PL184
Yer Numarası .S73 1998
100 1# - KİŞİ ADI
Yazar Adı (Kişi adı) Stachowski, Stanislaw.
240 10 - TEK BİÇİM BAŞLIK
Tekbiçim Başlık <a href="Wörterbuch der neupersischen Lehnwörter im Osmanisch-Türkischen">Wörterbuch der neupersischen Lehnwörter im Osmanisch-Türkischen</a>
Language of a work Türkçe
245 1# - ESER ADI BİLDİRİMİ
Başlık Osmanlı Türkçesinde yeni Farsça alıntılar sözlüğü =
Alt Eseradı vb. Wörterbuch der neupersischen Lehnwörter im Osmanisch-Türkischen/
Sorumluluk Bildirimi Stanislaw Stachowski ; Stanislaw Stachowski; hazırlayan Mehmet Ölmez.
264 #1 - ÜRERİM, YAYIN, DAĞITIM ve TELİF BİLDİRİMİ
Yayın yeri İstanbul :
Yayınlayan Simurg
Yayın tarihi 1998
300 ## - FİZİKSEL TANIMLAMA
Sayfa, Cilt vb. 303 sayfa; 21 cm.
336 ## - İÇERİK TÜRÜ
Content type term metin
Content type code txt
Source rdacontent
337 ## - MEDYA TÜRÜ
Media type term aracısız
Media type code n
Source rdamedia
338 ## - TAŞIYICI TÜRÜ
Carrier type term cilt
Carrier type code nc
Source rdacarrier
490 1# - DİZİ BİLDİRİMİ
Dizi Bildirimi Simurg dil ve edebiyat dizisi ;
Cilt Numarası 5.
500 ## - GENEL NOT
Genel Not Eser 2 dillidir.(Türkçe- Almanca)
500 ## - GENEL NOT
Genel Not Dizin var.
650 #0 - KONU BAŞLIĞI EK GİRİŞ - KONU TERİMİ
Konusal terim veya coğrafi ad Quotations, Turkish.
9 (RLIN) 38358
830 1# - SERİ EK GİRİŞİ - TEKBİÇİM ESER ADI
Tekbiçim Başlık Simurg dil ve edebiyat dizisi ;
Volume number/sequential designation 5.
9 (RLIN) 38359
942 ## - EK GİRİŞ ÖGELERİ (KOHA)
Source of classification or shelving scheme Library of Congress Classification
Koha item type Book
Holdings
Materyal Türü Kalıcı Konum Mevcut Konum Raf Yeri Sınıflandırma Kaynağı Edinim Bilgisi Ana Konular Alt Konular Yer Numarası Demirbaş Numarası Fatura Tarihi Maliyet, Alış Fiyatı Maliyet, Yenileme Fiyatı Geri Çekilme Durumu Kayıp Durumu Hasarlı Durumu Kredi için değil Kayıt Tarih Toplam Ödünçverme Son Görülme Tarihi Son Kontrol Tarihi Genel / Bağış Notu
Book Prof. Dr. Azmi Özcan Kütüphanesi Prof. Dr. Azmi Özcan Kütüphanesi Birûni Salonu Library of Congress Classification Bağış DİL VE EDEBİYAT Doğu Asya, Afrika, Okyanusya Dilleri ve Edebiyatları PL184 .S73 1998 0016559 13/08/2010 4.00 4.00         19/04/2010 5 05/12/2024 05/12/2024 Genel Bağış